000 00674nam a22002177a 4500
003 UA-OsUOA
001 46462
007 ta
008 20070618b un ||||| |||| 00| 0 ukr d
090 _a82.09(477)
942 _cBK
040 _aUA-OsUOA
_bukr
_cUA-OsUOA
_dUA-OsUOA
245 _aПитання українскьої радянської літератури
_bЛітературно-критичні статті
300 _a563 с.
955 _a2
041 _aukr
080 _a82.09(477)
260 _aК.
_bРадянський письменник
_c1956
650 7 _a82 Література. Літературознавство
_2UDC
999 _c332554
_d332554